| 000 | 00682nam a2200265Ia 4500 | ||
|---|---|---|---|
| 005 | 20260306164039.0 | ||
| 008 | 008 260114s9999 xx 000 0 eng d | ||
| 020 | _a9781399531511 | ||
| 037 | _aEBOOK | ||
| 040 | _aCRL | ||
| 040 | _beng | ||
| 040 | _cCRL | ||
| 041 | _2eng | ||
| 041 | _aeng | ||
| 084 | _qCRL | ||
| 100 |
_aHogrebe _91129894 |
||
| 245 | 0 | _aPredication And Genesis: Metaphysics As Fundamental Heuristic After Schelling's The Ages Of The World | |
| 260 | _bEdinburgh University Press | ||
| 260 | _c2025 | ||
| 650 | _aPhilosophy | ||
| 856 | _uhttps://academic.oup.com/book/59129 | ||
| 942 | _cEBOOK | ||
| 999 |
_c1712535 _d1712535 |
||